[Event "IX Êóáîê Ãóáåðíàòîðà ÕÌÀÎ-Þãðû òóðíèð À"]
[Site "Õàíòû-Ìàíñèéñê, Russia"]
[Date "2013.12.06"]
[Round "9"]
[White "Êàáàíîâ Íèêîëàé"]
[Black "Ôðîëüÿíîâ Äìèòðèé"]
[Result "1/2-1/2"]
[WhiteElo "2477"]
[BlackElo "2561"]
[Annotator ""]
[Source ""]
[Remark ""]

1.e4 {[%clk 1:30:57]} c5 {[%clk 1:30:55]} 2.Nf3 {[%clk 1:31:22]}
Nc6 {[%clk 1:31:20]} 3.Bb5 {[%clk 1:31:46]} g6 {[%clk 1:31:46]}
4.O-O {[%clk 1:31:14]} Bg7 {[%clk 1:32:06]} 5.Nc3 {[%clk 1:31:18]}
d6 {[%clk 1:31:08]} 6.d4 {[%clk 1:28:57]} cxd4 {[%clk 1:30:48]}
7.Nxd4 {[%clk 1:29:17]} Bd7 {[%clk 1:30:55]} 8.Nb3 {[%clk 1:27:46]}
Nf6 {[%clk 1:30:12]} 9.Re1 {[%clk 1:27:42]} O-O {[%clk 1:29:35]}
10.Bg5 {[%clk 1:27:31]} Ne5 {[%clk 1:26:06]} 11.Bf1 {[%clk 1:26:58]}
Rc8 {[%clk 1:24:43]} 12.Nd5 {[%clk 1:25:24]} Nxd5 {[%clk 1:23:11]}
13.exd5 {[%clk 1:25:50]} Re8 {[%clk 1:21:30]} 14.c3 {[%clk 1:21:27]}
Qc7 {[%clk 1:18:24]} 15.Qd2 {[%clk 1:13:45]} b5 {[%clk 1:17:38]}
16.Nd4 {[%clk 0:59:04]} Qc5 {[%clk 1:17:01]} 17.Nc2 {[%clk 0:58:57]}
a5 {[%clk 1:14:13]} 18.a3 {[%clk 0:58:41]} e6 {[%clk 1:09:22]}
19.dxe6 {[%clk 0:58:21]} Bxe6 {[%clk 1:09:09]} 20.Be3 {[%clk 0:56:04]}
Nc4 {[%clk 1:06:48]} 21.Bxc4 {[%clk 0:50:31]} Qxc4 {[%clk 1:07:11]}
22.Bd4 {[%clk 0:49:48]} Bxd4 {[%clk 1:05:32]} 23.Nxd4 {[%clk 0:49:45]}
Bd7 {[%clk 1:04:33]} 24.h3 {[%clk 0:40:32]} Qd5 {[%clk 0:59:37]}
25.Qf4 {[%clk 0:19:34]} b4 {[%clk 0:53:47]} 26.axb4 {[%clk 0:19:45]}
axb4 {[%clk 0:54:05]} 27.Rxe8+ {[%clk 0:19:31]} Rxe8 {[%clk 0:53:25]}
28.Ra7 {[%clk 0:15:18]} bxc3 {[%clk 0:52:46]} 29.bxc3 {[%clk 0:15:35]}
Bxh3 {[%clk 0:38:20]} 30.f3 {[%clk 0:11:24]} Be6 {[%clk 0:36:30]}
31.Ra6 {[%clk 0:10:32]} Rd8 {[%clk 0:23:59]} 32.Rc6 {[%clk 0:08:33]}
Bf5 {[%clk 0:19:26]} 33.Qg5 {[%clk 0:07:15]} Re8 {[%clk 0:19:15]}
34.Qf6 {[%clk 0:06:56]} Qe5 {[%clk 0:17:58]} 35.Rxd6 {[%clk 0:03:26]}
Qe3+ {[%clk 0:17:48]} 36.Kh2 {[%clk 0:03:29]} Qf4+ {[%clk 0:17:49]}
37.Kg1 {[%clk 0:03:46]} Qc1+ {[%clk 0:16:30]} 38.Kh2 {[%clk 0:04:11]}
Qf4+ {[%clk 0:16:31]} 39.Kg1 {[%clk 0:04:39]} Qc1+ {[%clk 0:16:12]}
40.Kh2 {[%clk 0:35:05]} Qf4+ {[%clk 0:46:37]} 1/2-1/2

[Event "IX Êóáîê Ãóáåðíàòîðà ÕÌÀÎ-Þãðû òóðíèð À"]
[Site "Õàíòû-Ìàíñèéñê, Russia"]
[Date "2013.12.06"]
[Round "9"]
[White "Àëåêñàíäðîâ Àëåêñåé"]
[Black "Áåçãîäîâ Àëåêñåé"]
[Result "0-1"]
[WhiteElo "2586"]
[BlackElo "2482"]
[Annotator ""]
[Source ""]
[Remark ""]

1.d4 {[%clk 1:30:58]} d5 {[%clk 1:29:52]} 2.c4 {[%clk 1:31:24]}
dxc4 {[%clk 1:30:10]} 3.e3 {[%clk 1:31:34]} e5 {[%clk 1:30:22]}
4.Bxc4 {[%clk 1:31:57]} exd4 {[%clk 1:30:47]} 5.exd4 {[%clk 1:32:23]}
Nf6 {[%clk 1:31:12]} 6.Nf3 {[%clk 1:32:48]} Bd6 {[%clk 1:31:38]}
7.Qe2+ {[%clk 1:33:12]} Qe7 {[%clk 1:31:27]} 8.Qxe7+ {[%clk 1:33:04]}
Kxe7 {[%clk 1:28:38]} 9.O-O {[%clk 1:32:38]} Be6 {[%clk 1:27:59]}
10.Re1 {[%clk 1:30:33]} Kd7 {[%clk 1:27:58]} 11.Bd3 {[%clk 1:26:38]}
Nc6 {[%clk 1:19:37]} 12.Nc3 {[%clk 1:26:55]} Nb4 {[%clk 1:04:45]}
13.Bb1 {[%clk 1:25:19]} Rae8 {[%clk 1:02:10]} 14.a3 {[%clk 0:50:11]}
Nbd5 {[%clk 0:54:30]} 15.Nb5 {[%clk 0:50:35]} a6 {[%clk 0:52:25]}
16.Nxd6 {[%clk 0:50:58]} cxd6 {[%clk 0:52:47]} 17.h3 {[%clk 0:49:58]}
h6 {[%clk 0:48:00]} 18.a4 {[%clk 0:49:37]} Nb4 {[%clk 0:40:59]}
19.Bd2 {[%clk 0:50:01]} a5 {[%clk 0:39:45]} 20.Bxb4 {[%clk 0:50:18]}
axb4 {[%clk 0:40:14]} 21.a5 {[%clk 0:50:25]} Bd5 {[%clk 0:39:05]}
22.Bf5+ {[%clk 0:50:26]} Kc7 {[%clk 0:36:36]} 23.Rec1+ {[%clk 0:40:26]}
Kb8 {[%clk 0:36:28]} 24.Nd2 {[%clk 0:39:40]} Nh5 {[%clk 0:24:56]}
25.g3 {[%clk 0:30:43]} Re7 {[%clk 0:12:24]} 26.Nc4 {[%clk 0:27:51]}
Rd8 {[%clk 0:12:22]} 27.Bd3 {[%clk 0:20:40]} Rc7 {[%clk 0:10:11]}
28.Ne3 {[%clk 0:18:48]} Rxc1+ {[%clk 0:10:06]} 29.Rxc1 {[%clk 0:19:17]}
Be6 {[%clk 0:10:29]} 30.Kg2 {[%clk 0:11:14]} Nf6 {[%clk 0:10:13]}
31.Ra1 {[%clk 0:10:54]} Kc7 {[%clk 0:08:27]} 32.Rc1+ {[%clk 0:09:35]}
Kb8 {[%clk 0:08:55]} 33.Nf5 {[%clk 0:09:43]} Ne8 {[%clk 0:06:54]}
34.g4 {[%clk 0:08:13]} Rc8 {[%clk 0:06:46]} 35.Ra1 {[%clk 0:07:06]}
Bd7 {[%clk 0:04:34]} 36.Kg3 {[%clk 0:06:22]} Rc7 {[%clk 0:04:20]}
37.f3 {[%clk 0:04:20]} Bxf5 {[%clk 0:03:45]} 38.Bxf5 {[%clk 0:04:32]}
d5 {[%clk 0:03:12]} 39.Bd3 {[%clk 0:04:42]} Nd6 {[%clk 0:02:14]}
40.Ra4 {[%clk 0:34:58]} Nc4 {[%clk 0:32:30]} 41.Rxb4 {[%clk 0:35:06]}
Nxa5 {[%clk 0:32:46]} 42.Rb5 {[%clk 0:35:03]} Nc4 {[%clk 0:33:00]}
43.Kf2 {[%clk 0:26:14]} Rc6 {[%clk 0:30:57]} 44.h4 {[%clk 0:26:07]}
Kc7 {[%clk 0:30:53]} 45.Rxd5 {[%clk 0:22:03]} Nxb2 {[%clk 0:30:02]}
46.Bb5 {[%clk 0:21:19]} Rd6 {[%clk 0:27:23]} 47.Rf5 {[%clk 0:15:59]}
f6 {[%clk 0:23:22]} 48.Ke3 {[%clk 0:16:14]} Nd1+ {[%clk 0:18:17]}
49.Kd3 {[%clk 0:16:33]} Kb6 {[%clk 0:17:42]} 50.Be8 {[%clk 0:06:36]}
Nf2+ {[%clk 0:16:36]} 51.Kc4 {[%clk 0:06:55]} g5 {[%clk 0:16:05]}
52.h5 {[%clk 0:06:42]} Nh3 {[%clk 0:16:13]} 53.Rb5+ {[%clk 0:02:11]}
Kc7 {[%clk 0:15:28]} 54.Rb2 {[%clk 0:01:35]} Nf4 {[%clk 0:15:10]}
55.Ra2 {[%clk 0:01:26]} Rd8 {[%clk 0:13:15]} 56.Bf7 {[%clk 0:01:26]}
Kd6 {[%clk 0:13:24]} 57.Ra7 {[%clk 0:01:46]} Rd7 {[%clk 0:13:34]}
58.Bg6 {[%clk 0:01:52]} b5+ {[%clk 0:13:57]} 0-1

[Event "IX Êóáîê Ãóáåðíàòîðà ÕÌÀÎ-Þãðû òóðíèð À"]
[Site "Õàíòû-Ìàíñèéñê, Russia"]
[Date "2013.12.06"]
[Round "9"]
[White "Øîìîåâ Àíòîí"]
[Black "Øàðèÿçäàíîâ Àíäðåé"]
[Result "1/2-1/2"]
[WhiteElo "2560"]
[BlackElo "2572"]
[Annotator ""]
[Source ""]
[Remark ""]

1.e4 {[%clk 1:24:00]} c5 {[%clk 1:29:45]} 2.Nf3 {[%clk 1:24:26]}
Nc6 {[%clk 1:30:11]} 3.d4 {[%clk 1:24:52]} cxd4 {[%clk 1:30:36]}
4.Nxd4 {[%clk 1:25:20]} e5 {[%clk 1:31:01]} 5.Nb5 {[%clk 1:25:45]}
d6 {[%clk 1:31:26]} 6.N1c3 {[%clk 1:26:12]} a6 {[%clk 1:31:51]}
7.Na3 {[%clk 1:26:40]} Be7 {[%clk 1:32:06]} 8.Be3 {[%clk 1:26:21]}
Nf6 {[%clk 1:30:16]} 9.Nc4 {[%clk 1:26:39]} b5 {[%clk 1:29:10]}
10.Nb6 {[%clk 1:26:51]} Rb8 {[%clk 1:29:34]} 11.Nxc8 {[%clk 1:27:16]}
Qxc8 {[%clk 1:29:43]} 12.Be2 {[%clk 1:27:14]} O-O {[%clk 1:28:55]}
13.O-O {[%clk 1:27:35]} b4 {[%clk 1:29:02]} 14.Nd5 {[%clk 1:26:59]}
Nxe4 {[%clk 1:28:57]} 15.a3 {[%clk 1:27:20]} Bd8 {[%clk 1:22:08]}
16.axb4 {[%clk 0:47:10]} Nxb4 {[%clk 1:21:24]} 17.Ra4 {[%clk 0:27:09]}
a5 {[%clk 1:15:12]} 18.Nxb4 {[%clk 0:20:53]} axb4 {[%clk 0:49:40]}
19.Qd5 {[%clk 0:18:59]} Nc5 {[%clk 0:46:57]} 20.Ra2 {[%clk 0:18:14]}
Qe6 {[%clk 0:35:04]} 21.Rd1 {[%clk 0:17:38]} Qxd5 {[%clk 0:13:18]}
22.Rxd5 {[%clk 0:17:52]} Bc7 {[%clk 0:12:44]} 23.Bc4 {[%clk 0:13:33]}
Rfd8 {[%clk 0:12:12]} 24.Bxc5 {[%clk 0:12:12]} dxc5 {[%clk 0:12:28]}
25.Ra7 {[%clk 0:12:39]} Rxd5 {[%clk 0:11:53]} 26.Bxd5 {[%clk 0:13:05]}
Rc8 {[%clk 0:12:07]} 27.Kf1 {[%clk 0:10:27]} Kf8 {[%clk 0:12:07]}
28.Bc4 {[%clk 0:09:40]} e4 {[%clk 0:09:41]} 29.Ke2 {[%clk 0:09:04]}
Be5 {[%clk 0:07:16]} 30.Rxf7+ {[%clk 0:08:34]} Ke8 {[%clk 0:07:38]}
31.b3 {[%clk 0:08:14]} Rd8 {[%clk 0:07:52]} 32.Rf5 {[%clk 0:06:33]}
Bc3 {[%clk 0:07:40]} 33.Ke3 {[%clk 0:05:35]} Rd2 {[%clk 0:05:25]}
34.Kxe4 {[%clk 0:03:20]} Bd4 {[%clk 0:05:26]} 35.Bd3 {[%clk 0:02:15]}
Rxf2 {[%clk 0:05:34]} 36.Rxf2 {[%clk 0:02:39]} Bxf2 {[%clk 0:05:59]}
37.Kf3 {[%clk 0:03:05]} Bg1 {[%clk 0:06:18]} 38.Bxh7 {[%clk 0:03:28]}
Bxh2 {[%clk 0:06:32]} 39.g3 {[%clk 0:03:54]} Bg1 {[%clk 0:06:57]}
40.Bd3 {[%clk 0:34:20]} Bd4 {[%clk 0:37:20]} 1/2-1/2

[Event "IX Êóáîê Ãóáåðíàòîðà ÕÌÀÎ-Þãðû òóðíèð À"]
[Site "Õàíòû-Ìàíñèéñê, Russia"]
[Date "2013.12.06"]
[Round "9"]
[White "Ìàëåòèí Ïàâåë"]
[Black "Èñêóñíûõ Ñåðãåé"]
[Result "1/2-1/2"]
[WhiteElo "2598"]
[BlackElo "2471"]
[Annotator ""]
[Source ""]
[Remark ""]

1.c4 {[%clk 1:28:47]} c5 {[%clk 1:30:48]} 2.Nf3 {[%clk 1:29:09]}
g6 {[%clk 1:31:13]} 3.d4 {[%clk 1:29:23]} cxd4 {[%clk 1:31:38]}
4.Nxd4 {[%clk 1:29:48]} Nc6 {[%clk 1:32:04]} 5.Nc2 {[%clk 1:29:56]}
Bg7 {[%clk 1:24:32]} 6.e4 {[%clk 1:28:54]} d6 {[%clk 1:24:45]}
7.Be2 {[%clk 1:27:43]} Be6 {[%clk 1:23:46]} 8.O-O {[%clk 1:24:32]}
Rc8 {[%clk 1:20:56]} 9.Ne3 {[%clk 1:24:01]} Nf6 {[%clk 1:05:31]}
10.Nc3 {[%clk 1:24:02]} Na5 {[%clk 0:54:09]} 11.Qa4+ {[%clk 1:18:56]}
Bd7 {[%clk 0:52:31]} 12.Qc2 {[%clk 1:11:54]} Be6 {[%clk 0:50:41]}
13.Rd1 {[%clk 1:03:23]} O-O {[%clk 0:31:40]} 14.e5 {[%clk 1:02:01]}
Ne8 {[%clk 0:31:32]} 15.exd6 {[%clk 0:51:20]} Nxd6 {[%clk 0:30:31]}
16.Nb5 {[%clk 0:51:12]} Naxc4 {[%clk 0:22:31]} 17.Bxc4 {[%clk 0:51:13]}
Bxc4 {[%clk 0:22:50]} 18.Nxd6 {[%clk 0:50:36]} exd6 {[%clk 0:23:12]}
19.Nxc4 {[%clk 0:51:02]} Qh4 {[%clk 0:11:26]} 20.Qb3 {[%clk 0:44:08]}
Rxc4 {[%clk 0:10:08]} 21.Qxb7 {[%clk 0:44:06]} Bd4 {[%clk 0:08:54]}
22.Qf3 {[%clk 0:44:09]} Re8 {[%clk 0:08:05]} 23.Be3 {[%clk 0:38:21]}
Bxb2 {[%clk 0:06:58]} 24.Rab1 {[%clk 0:38:41]} Be5 {[%clk 0:07:23]}
25.g3 {[%clk 0:38:56]} Qe4 {[%clk 0:07:29]} 26.Qxe4 {[%clk 0:38:48]}
Rxe4 {[%clk 0:07:58]} 27.Bxa7 {[%clk 0:38:44]} Ra4 {[%clk 0:08:18]}
28.Bb8 {[%clk 0:38:57]} Rxa2 {[%clk 0:07:29]} 29.Bxd6 {[%clk 0:39:22]}
Bxd6 {[%clk 0:07:53]} 30.Rxd6 {[%clk 0:39:48]} Ree2 {[%clk 0:07:53]}
31.Rf6 {[%clk 0:40:11]} Kg7 {[%clk 0:08:17]} 32.Rf4 {[%clk 0:40:30]}
Re7 {[%clk 0:08:37]} 33.h4 {[%clk 0:40:53]} h5 {[%clk 0:09:04]}
34.Kg2 {[%clk 0:41:20]} Ra6 {[%clk 0:09:21]} 35.Rfb4 {[%clk 0:41:43]}
Ra2 {[%clk 0:09:43]} 36.R1b2 {[%clk 0:42:08]} Rxb2 {[%clk 0:10:08]}
37.Rxb2 {[%clk 0:42:36]} Ra7 {[%clk 0:10:27]} 38.Kf3 {[%clk 0:43:00]}
Ra3+ {[%clk 0:10:51]} 39.Kf4 {[%clk 0:43:25]} Ra4+ {[%clk 0:11:16]}
40.Kf3 {[%clk 1:13:52]} Ra3+ {[%clk 0:41:41]} 1/2-1/2

[Event "IX Êóáîê Ãóáåðíàòîðà ÕÌÀÎ-Þãðû òóðíèð À"]
[Site "Õàíòû-Ìàíñèéñê, Russia"]
[Date "2013.12.06"]
[Round "9"]
[White "Ãîãàíîâ Àëåêñåé"]
[Black "Ãîðäèåâñêèé Äìèòðèé"]
[Result "1-0"]
[WhiteElo "2581"]
[BlackElo "2448"]
[Annotator ""]
[Source ""]
[Remark ""]

1.d4 {[%clk 1:30:57]} Nf6 {[%clk 1:30:49]} 2.c4 {[%clk 1:31:22]}
e6 {[%clk 1:31:08]} 3.Nf3 {[%clk 1:31:48]} d5 {[%clk 1:31:27]}
4.Nc3 {[%clk 1:32:13]} Bb4 {[%clk 1:31:48]} 5.Qb3 {[%clk 1:32:39]}
c5 {[%clk 1:27:57]} 6.dxc5 {[%clk 1:32:10]} Nc6 {[%clk 1:25:44]}
7.Bg5 {[%clk 1:31:07]} h6 {[%clk 1:20:20]} 8.Bxf6 {[%clk 1:29:33]}
Qxf6 {[%clk 1:20:44]} 9.cxd5 {[%clk 1:25:02]} exd5 {[%clk 1:21:05]}
10.e3 {[%clk 1:23:00]} O-O {[%clk 1:11:26]} 11.Bb5 {[%clk 1:22:59]}
d4 {[%clk 0:57:21]} 12.Bxc6 {[%clk 1:23:23]} dxc3 {[%clk 0:57:47]}
13.Qxb4 {[%clk 1:23:49]} cxb2 {[%clk 0:58:13]} 14.Rb1 {[%clk 1:24:14]}
bxc6 {[%clk 0:58:11]} 15.O-O {[%clk 1:20:57]} Bf5 {[%clk 0:48:47]}
16.Rxb2 {[%clk 1:20:44]} Be4 {[%clk 0:49:04]} 17.Nd2 {[%clk 1:09:33]}
Bd3 {[%clk 0:48:31]} 18.Rc1 {[%clk 1:09:51]} Rab8 {[%clk 0:47:57]}
19.Qxb8 {[%clk 1:10:01]} Rxb8 {[%clk 0:48:19]} 20.Rxb8+ {[%clk 1:10:27]}
Kh7 {[%clk 0:48:45]} 21.Rb4 {[%clk 1:08:20]} Bf5 {[%clk 0:45:49]}
22.Rd4 {[%clk 1:08:22]} Qe7 {[%clk 0:43:48]} 23.h3 {[%clk 1:05:49]}
Qb7 {[%clk 0:42:42]} 24.Nb3 {[%clk 0:58:19]} Be6 {[%clk 0:42:54]}
25.Rd6 {[%clk 0:57:20]} Bd5 {[%clk 0:42:22]} 26.Rxd5 {[%clk 0:57:14]}
cxd5 {[%clk 0:42:46]} 27.c6 {[%clk 0:57:41]} Qc7 {[%clk 0:43:06]}
28.Nd4 {[%clk 0:58:05]} a6 {[%clk 0:43:20]} 29.Nf5 {[%clk 0:55:18]} 1-0

[Event "IX Êóáîê Ãóáåðíàòîðà ÕÌÀÎ-Þãðû òóðíèð À"]
[Site "Õàíòû-Ìàíñèéñê, Russia"]
[Date "2013.12.06"]
[Round "9"]
[White "Ñòóêîïèí Àíäðåé"]
[Black "Þôôà Äàíèèë"]
[Result "1-0"]
[WhiteElo "2509"]
[BlackElo "2368"]
[Annotator ""]
[Source ""]
[Remark ""]

1.Nf3 {[%clk 1:30:57]} d6 {[%clk 1:28:57]} 2.d4 {[%clk 1:30:11]}
Nf6 {[%clk 1:29:14]} 3.g3 {[%clk 1:28:15]} g6 {[%clk 1:29:38]}
4.Bg2 {[%clk 1:27:10]} Bg7 {[%clk 1:30:03]} 5.O-O {[%clk 1:27:16]}
O-O {[%clk 1:30:30]} 6.b3 {[%clk 1:26:32]} Ne4 {[%clk 1:10:57]}
7.Bb2 {[%clk 1:26:33]} Nd7 {[%clk 1:08:40]} 8.c4 {[%clk 1:20:49]}
f5 {[%clk 1:00:11]} 9.Nbd2 {[%clk 1:07:18]} Ndf6 {[%clk 0:55:11]}
10.d5 {[%clk 1:06:33]} c6 {[%clk 0:43:24]} 11.Nxe4 {[%clk 1:06:11]}
Nxe4 {[%clk 0:40:13]} 12.Bxg7 {[%clk 1:06:30]} Kxg7 {[%clk 0:40:40]}
13.Qd4+ {[%clk 0:55:41]} e5 {[%clk 0:36:44]} 14.dxe6+ {[%clk 0:54:20]}
Qf6 {[%clk 0:37:08]} 15.Rfd1 {[%clk 0:35:59]} Bxe6 {[%clk 0:36:45]}
16.Rac1 {[%clk 0:35:38]} d5 {[%clk 0:28:30]} 17.Qxf6+ {[%clk 0:35:43]}
Kxf6 {[%clk 0:25:31]} 18.Nd4 {[%clk 0:36:04]} Rac8 {[%clk 0:24:18]}
19.f3 {[%clk 0:34:58]} Nd6 {[%clk 0:22:31]} 20.Nxe6 {[%clk 0:18:43]}
Kxe6 {[%clk 0:22:57]} 21.Rc3 {[%clk 0:19:09]} dxc4 {[%clk 0:17:36]}
22.Re3+ {[%clk 0:18:57]} Kd7 {[%clk 0:18:02]} 23.bxc4 {[%clk 0:19:24]}
b6 {[%clk 0:17:52]} 24.Red3 {[%clk 0:19:14]} Rf6 {[%clk 0:18:16]}
25.e4 {[%clk 0:16:38]} Re8 {[%clk 0:18:33]} 26.Ra3 {[%clk 0:14:28]}
Kc7 {[%clk 0:13:27]} 27.Rxa7+ {[%clk 0:12:50]} Nb7 {[%clk 0:13:51]}
28.exf5 {[%clk 0:09:50]} gxf5 {[%clk 0:13:53]} 29.Kf2 {[%clk 0:06:44]}
Re5 {[%clk 0:13:03]} 30.f4 {[%clk 0:06:36]} Rc5 {[%clk 0:13:11]}
31.Bf1 {[%clk 0:03:46]} Re6 {[%clk 0:12:20]} 32.Rb1 {[%clk 0:01:48]}
h6 {[%clk 0:05:05]} 33.Ra6 {[%clk 0:00:53]} Nd6 {[%clk 0:03:17]}
34.Raxb6 {[%clk 0:00:45]} Nxc4 {[%clk 0:01:50]} 35.Rb7+ {[%clk 0:01:13]}
Kd6 {[%clk 0:02:11]} 36.Rd1+ {[%clk 0:00:49]} Rd5 {[%clk 0:02:40]}
37.Rxd5+ {[%clk 0:00:55]} Kxd5 {[%clk 0:03:02]} 38.a4 {[%clk 0:00:32]}
Ne3 {[%clk 0:02:11]} 39.Bd3 {[%clk 0:00:34]} Kd4 {[%clk 0:01:58]}
40.Rd7+ {[%clk 0:30:44]} Kc3 {[%clk 0:30:59]} 41.a5 {[%clk 0:26:26]}
c5 {[%clk 0:29:31]} 42.a6 {[%clk 0:24:55]} Ng4+ {[%clk 0:25:19]}
43.Kf3 {[%clk 0:18:49]} Nxh2+ {[%clk 0:24:41]} 44.Kg2 {[%clk 0:19:00]}
Ng4 {[%clk 0:25:01]} 45.a7 {[%clk 0:18:35]} Re8 {[%clk 0:25:27]}
46.Bb5 {[%clk 0:18:44]} c4 {[%clk 0:24:07]} 47.Rd3+ {[%clk 0:18:01]}
cxd3 {[%clk 0:24:33]} 48.Bxe8 {[%clk 0:18:28]} Ne3+ {[%clk 0:23:55]}
49.Kh3 {[%clk 0:18:52]} d2 {[%clk 0:24:10]} 50.Ba4 {[%clk 0:19:17]}
Nc2 {[%clk 0:24:31]} 51.Bxc2 {[%clk 0:19:40]} Kxc2 {[%clk 0:24:54]}
52.a8Q {[%clk 0:20:05]} d1Q {[%clk 0:25:14]} 53.Qa4+ {[%clk 0:20:31]} 1-0

[Event "IX Êóáîê Ãóáåðíàòîðà ÕÌÀÎ-Þãðû òóðíèð À"]
[Site "Õàíòû-Ìàíñèéñê, Russia"]
[Date "2013.12.06"]
[Round "9"]
[White "Ïîòàïîâ Ïàâåë"]
[Black "Àðñëàíîâ Øàìèëü"]
[Result "1/2-1/2"]
[WhiteElo "2468"]
[BlackElo "2411"]
[Annotator ""]
[Source ""]
[Remark ""]

1.e4 {[%clk 1:30:58]} e6 {[%clk 1:30:32]} 2.d4 {[%clk 1:31:15]}
d5 {[%clk 1:30:56]} 3.e5 {[%clk 1:31:37]} c5 {[%clk 1:30:35]}
4.c3 {[%clk 1:32:00]} Qb6 {[%clk 1:31:02]} 5.Nf3 {[%clk 1:32:15]}
Nc6 {[%clk 1:31:25]} 6.a3 {[%clk 1:32:40]} Bd7 {[%clk 1:31:15]}
7.b4 {[%clk 1:32:01]} cxd4 {[%clk 1:31:37]} 8.cxd4 {[%clk 1:32:26]}
Rc8 {[%clk 1:32:01]} 9.Be3 {[%clk 1:29:58]} Nh6 {[%clk 1:32:22]}
10.Be2 {[%clk 1:28:52]} Nf5 {[%clk 1:31:06]} 11.O-O {[%clk 1:28:32]}
Be7 {[%clk 1:28:48]} 12.g4 {[%clk 1:09:54]} Nxe3 {[%clk 1:23:01]}
13.fxe3 {[%clk 1:08:20]} Qd8 {[%clk 1:11:48]} 14.Nbd2 {[%clk 1:00:50]}
O-O {[%clk 0:45:26]} 15.Nb3 {[%clk 0:59:52]} a5 {[%clk 0:45:06]}
16.b5 {[%clk 0:54:03]} Na7 {[%clk 0:38:22]} 17.a4 {[%clk 0:54:21]}
Rc3 {[%clk 0:33:39]} 18.Bd3 {[%clk 0:54:32]} Nc8 {[%clk 0:23:54]}
19.Rc1 {[%clk 0:51:15]} Rxc1 {[%clk 0:13:52]} 20.Qxc1 {[%clk 0:50:59]}
Nb6 {[%clk 0:14:19]} 21.Nc5 {[%clk 0:41:22]} Qc7 {[%clk 0:14:44]}
22.Qc2 {[%clk 0:40:26]} g6 {[%clk 0:13:11]} 23.g5 {[%clk 0:37:50]}
Rc8 {[%clk 0:13:09]} 24.Rc1 {[%clk 0:37:20]} Be8 {[%clk 0:13:25]}
25.Qd1 {[%clk 0:28:48]} Qb8 {[%clk 0:08:53]} 26.Bf1 {[%clk 0:26:14]}
Nd7 {[%clk 0:05:05]} 27.Nxd7 {[%clk 0:24:49]} Bxd7 {[%clk 0:05:29]}
28.Bd3 {[%clk 0:24:19]} Ba3 {[%clk 0:04:10]} 29.Rc2 {[%clk 0:23:30]}
Rxc2 {[%clk 0:04:33]} 30.Bxc2 {[%clk 0:23:20]} Qc7 {[%clk 0:04:37]}
31.h4 {[%clk 0:23:11]} Qc3 {[%clk 0:04:37]} 32.Kf2 {[%clk 0:23:03]}
Be7 {[%clk 0:01:27]} 33.Qb1 {[%clk 0:21:03]} b6 {[%clk 0:00:49]}
34.h5 {[%clk 0:18:00]} Qb4 {[%clk 0:00:40]} 35.h6 {[%clk 0:14:01]}
Qxb1 {[%clk 0:01:03]} 36.Bxb1 {[%clk 0:14:30]} Bc8 {[%clk 0:01:23]}
37.Kg3 {[%clk 0:14:30]} Bb7 {[%clk 0:00:44]} 38.Kf4 {[%clk 0:14:54]}
Kf8 {[%clk 0:00:52]} 39.Nh2 {[%clk 0:14:29]} Ke8 {[%clk 0:00:58]}
40.Ng4 {[%clk 0:44:44]} Kd7 {[%clk 0:30:57]} 41.Bd3 {[%clk 0:42:25]}
Bc8 {[%clk 0:29:14]} 42.Be2 {[%clk 0:38:14]} Bd8 {[%clk 0:22:23]}
43.Bf3 {[%clk 0:36:51]} Bb7 {[%clk 0:22:46]} 44.Nf2 {[%clk 0:36:30]}
Be7 {[%clk 0:22:45]} 45.Kg4 {[%clk 0:33:45]} Bb4 {[%clk 0:22:36]}
46.Bd1 {[%clk 0:33:13]} Be7 {[%clk 0:20:14]} 47.Nd3 {[%clk 0:33:20]}
Ke8 {[%clk 0:19:47]} 48.Nf4 {[%clk 0:33:13]} Kf8 {[%clk 0:17:44]}
49.Bc2 {[%clk 0:32:53]} Bd8 {[%clk 0:16:59]} 50.Ng2 {[%clk 0:31:54]}
Be7 {[%clk 0:16:58]} 51.Nh4 {[%clk 0:32:14]} Ba3 {[%clk 0:16:28]}
52.Kf4 {[%clk 0:32:27]} Be7 {[%clk 0:15:11]} 53.Bd3 {[%clk 0:32:01]}
Bc8 {[%clk 0:15:08]} 54.Nf3 {[%clk 0:29:47]} Ke8 {[%clk 0:15:31]}
55.Bc2 {[%clk 0:24:38]} Ba3 {[%clk 0:14:55]} 56.Ne1 {[%clk 0:23:47]}
Bb4 {[%clk 0:15:00]} 57.Nd3 {[%clk 0:24:09]} Be7 {[%clk 0:15:20]}
58.Nf2 {[%clk 0:24:19]} Kd7 {[%clk 0:15:35]} 59.Ng4 {[%clk 0:20:20]} 1/2-1/2

[Event "IX Êóáîê Ãóáåðíàòîðà ÕÌÀÎ-Þãðû òóðíèð À"]
[Site "Õàíòû-Ìàíñèéñê, Russia"]
[Date "2013.12.06"]
[Round "9"]
[White "Ïàñèåâ Ðàõèì"]
[Black "Ñàäóàêàñîâà Äèíàðà"]
[Result "1/2-1/2"]
[WhiteElo "2405"]
[BlackElo "2357"]
[Annotator ""]
[Source ""]
[Remark ""]

1.c4 e6 2.Nf3 Nf6 3.Nc3 d5 4.e3 c5 5.cxd5 exd5 6.d4 Nc6 7.Be2
Be7 8.dxc5 Bxc5 9.O-O O-O 10.a3 a6 11.b4 Ba7 12.Bb2 d4 13.exd4
Nxd4 14.Nxd4 Bxd4 15.Bf3 Rb8 16.Qd2 Bg4 17.Bxg4 Nxg4 18.h3 Ne5
19.Rad1 Nc6 20.Ne4 Qe7 21.Bxd4 Qxe4 22.Rfe1 Qxd4 23.Qxd4 Nxd4
24.Rxd4 Rfd8 25.Red1 Rxd4 26.Rxd4 g6 27.Rd7 Rc8 28.Kf1 Rc2 29.a4
b6 30.Rd6 Ra2 31.Rxb6 Rxa4 32.Ke2 a5 33.b5 Ra3 34.Ra6 a4 35.Kd2
Rb3 36.b6 a3 37.Kc2 Rb5 38.Kc3 a2 39.Rxa2 Rxb6 40.Kd3 h5 41.Ke3
Kg7 42.g3 1/2-1/2

[Event "IX Êóáîê Ãóáåðíàòîðà ÕÌÀÎ-Þãðû òóðíèð À"]
[Site "Õàíòû-Ìàíñèéñê, Russia"]
[Date "2013.12.06"]
[Round "9"]
[White "Ñàðàíà Àëåêñåé"]
[Black "Øàðàôèåâ Àçàò"]
[Result "1/2-1/2"]
[WhiteElo "2261"]
[BlackElo "2403"]
[Annotator ""]
[Source ""]
[Remark ""]

1.d4 e6 2.e4 d5 3.Nc3 Nf6 4.e5 Nfd7 5.f4 c5 6.Nf3 Nc6 7.Be3 a6
8.Qd2 b5 9.Nd1 cxd4 10.Nxd4 Nxd4 11.Bxd4 b4 12.Bd3 a5 13.O-O
Bc5 14.c3 Qb6 15.Bc2 f5 16.Ba4 O-O 17.Ne3 Bxd4 18.cxd4 Nb8 19.Rfc1
Bd7 20.Bd1 Nc6 21.Rc5 Rac8 22.Rac1 Ne7 23.Bf3 Rc6 24.Kh1 Rfc8
25.Rxc6 Nxc6 26.Rd1 Ne7 27.Rg1 Nc6 28.Rd1 Ne7 29.g4 fxg4 30.Bxg4
Rf8 31.Ng2 Be8 32.Nh4 Ng6 33.Ng2 Ne7 34.Nh4 Bg6 35.Nxg6 hxg6
36.Rc1 Kf7 37.Kg2 Rc8 38.Rxc8 Nxc8 39.Kf2 Qc6 40.Be2 Qa4 41.b3
Qc6 42.Bd3 Ne7 43.Ke3 Qc8 44.Qe1 Qh8 45.Qg3 Qh5 46.Kd2 Nf5 47.Bxf5
Qxf5 48.Kc1 Qe4 49.Qf2 Qd3 50.Qd2 Qe4 51.Kb2 Qf3 52.h4 Kg8 53.a3
a4 54.Qxb4 Qe2+ 55.Kc1 Qe3+ 56.Kc2 Qe4+ 57.Kb2 1/2-1/2